01335nam a22002537a 4500003001000000005001700010008004100027015001200068040003400080044001300114080002600127100004100153245005800194260004000252300002000292490003500312520045600347561003400803650003200837655003700869942001600906999001300922952014600935AR-RoUNCS20260209125744.0060510s2014 ag gr 001 p spa  aAR-2014 aAR-BaBNbspacAR-RoUNCSeaacr aagcar-c1 a82-312.6(821.6)220161 aAguirre, Osvaldo,d1964-eautor4aut14aComo si fuera hoy :bayudamemoria /cOsvaldo Aguirre. aRosario :bEl Ombú Bonsai,c2014. a94 p. ;c20 cm.0 aColección raíces aéreas.3 aDicen que no se debe regresar al lugar en donde uno ha sido feliz, son los mismos que dicen que el autor de un crimen siempre vuelve al lugar en donde lo cometió. Para los que han llegado a la ciudad ya crecidos siempre hay en la lista de pendientes un viaje de regreso: volver al pueblo es volver al encuentro de sí mismo, aunque uno ni el pueblo sean los mismos. Pero la memoria, cuando se desata, siempre tiene una historia más para contar. 1 3Inventario 01251910:5AR-BaBN 72embneaLiteratura argentina 7aNovelas autobiográficas2embne 2udccLPDn0 c888d888 00102udc40708CGaESOCIALESbESOCIALESd2026-02-09eDonación 2023l0o82-312.6(821.6) A284p000320r2026-02-09 12:58:32w2026-02-09yLPD